Handbook of Big Data / (Record no. 53276)

MARC details
000 -LEADER
fixed length control field 00721nam a2200253Ia 4500
005 - DATE AND TIME OF LATEST TRANSACTION
control field 20260429112258.0
008 - FIXED-LENGTH DATA ELEMENTS--GENERAL INFORMATION
fixed length control field 260429s9999||||xx |||||||||||||| ||und||
020 ## - INTERNATIONAL STANDARD BOOK NUMBER
International Standard Book Number 9780367240707
041 ## - LANGUAGE CODE
Language English
082 ## - DEWEY DECIMAL CLASSIFICATION NUMBER
Classification number 005.7
Item number BUH
100 ## - MAIN ENTRY--PERSONAL NAME
Personal name Bühlmann, Peter
245 #0 - TITLE STATEMENT
Title Handbook of Big Data /
Statement of responsibility, etc Peter Bühlmann
260 ## - PUBLICATION, DISTRIBUTION, ETC. (IMPRINT)
Place of publication, distribution, etc Boca Raton :
Name of publisher, distributor, etc Chapman & Hall/CRC,
Date of publication, distribution, etc 2016.
300 ## - PHYSICAL DESCRIPTION
Extent xvi, 464 p.; hb
440 ## - SERIES STATEMENT/ADDED ENTRY--TITLE
Title Chapman & Hall/CRC Handbooks of Modern Statistical Methods
650 ## - SUBJECT ADDED ENTRY--TOPICAL TERM
Topical term or geographic name as entry element Computational statistics
650 ## - SUBJECT ADDED ENTRY--TOPICAL TERM
Topical term or geographic name as entry element Data analytics
650 ## - SUBJECT ADDED ENTRY--TOPICAL TERM
Topical term or geographic name as entry element Data science
650 ## - SUBJECT ADDED ENTRY--TOPICAL TERM
Topical term or geographic name as entry element Big data
700 ## - ADDED ENTRY--PERSONAL NAME
Personal name Drineas, Petros
700 ## - ADDED ENTRY--PERSONAL NAME
Personal name Kane, Michael
700 ## - ADDED ENTRY--PERSONAL NAME
Personal name van der Laan, Mark
942 ## - ADDED ENTRY ELEMENTS (KOHA)
Koha item type Text Books
Holdings
Withdrawn status Lost status Damaged status Not for loan Collection code Home library Location Shelving location Date of Cataloging Source of acquisition Total Checkouts Full call number Barcode Date last seen Price effective from Koha item type
        Non-fiction CUTN Central Library CUTN Central Library Generalia 29/04/2026 Today and Tomorrow’s Printers & Publishers, New Delhi - Invoice No. IN-00470 on 10-02-2026   005.7 BUH 58610 29/04/2026 29/04/2026 Text Books